<A> Quantitative approach to mutual debt compensation problem

Saved in:
Bibliographic Details
Main Author: Gazda, Vladimír
Other Authors: Palúch, Stanislav
Format: Book Chapter
Language:English
Subjects:
Tags: Add Tag
No Tags, Be the first to tag this record!

MARC

LEADER 00000naa$a2200000$$$4500
001 0022028
005 20240502071412.8
041 0 |a eng 
044 |a SK 
245 1 0 |a <A> Quantitative approach to mutual debt compensation problem  |c Vladimír Gazda, Stanislav Palúch 
610 2 0 |a dlhy 
610 2 0 |a insolventnosť 
610 2 0 |a náhrada výdavkov 
610 2 0 |a revitalizácia 
610 2 0 |a podnik 
610 2 0 |a vzorce 
610 2 0 |a metódy 
100 1 |a Gazda, Vladimír 
700 1 |a Palúch, Stanislav